Science Quiz

Random Science or Nintendo Quiz

Hormones by Function Quiz Stats

Quiz not verified by Sporcle

Challenge
Share
Tweet
Embed
Score 0/23 Timer 06:00
0 Plays Today
Function Hormone % Correct
WOMEN: initiates growth of ovarian follicles each month and stimulates ovulation; MEN: stimulates sperm productionFollicle Stimulating Hormone
86.9%
Hormone produced by the pancreas that is released when stimulated by elevated glucose levels.Insulin
84.5%
Causes thyroid gland cells to secrete T3 and T4; stimulates thyroid growthThyroid Stimulating Hormone
84%
Affects size of an individual by promoting cell division, protein synthesis, and bone growthGrowth Hormone
83.4%
activates sympathetic nervous system by making the heart beat faster, stopping digestion, enlarging pupils, sending sugar into the bloodstreamEpinephrine (Adrenaline)
82.4%
The antagonist of insulin. Its release is stimulated by low blood glucose levels.Glucagon
80.9%
Develops and maintains female secondary sex characteristics, important roles in menstruation and pregnancyEstradiol
80.7%
WOMEN: regulates estrogen secretion and ovum development; MEN: testosterone productionLuteinizing hormone
80.5%
Promotes water retention, in high concentrations is also a vasoconstrictor; both of these effects raise the blood pressureAntidiuretic Hormone
79.4%
Promotes the maturation of the reproductive system, development of the male secondary sex characteristicsTestosterone
77.9%
Works with estrogen to control the menstrual cycle. Also secreted to prepare uterus for pregnancyProgesterone
74.1%
Keeps the bone inCalcitonin
70.8%
Function Hormone % Correct
Stimulates adrenal cortex to secrete cortisolAdrenocorticotropic Hormone
70.2%
Secreted from the adrenal cortex, aids the body during stress by increasing glucose levels and suppressing immune system functionCortisol
67.8%
chemical which is excitatory, similar to adrenaline, and affects arousal and memory; raises blood pressure by causing blood vessels to become constrictedNorepinephrine (Noradrenaline)
65.5%
Targets the brain to control circadian rhythmsMelatonin
59.6%
Increases blood levels of calcium (stimulates breakdown of bone)Parathyroid Hormone
59.3%
salt-retaining hormone; Na+ retention promotes water retention, which promotes a higher blood volume and pressureAldosterone
58.9%
Regulates metabolism by controlling the rate of oxidation in cellsThyroxine
46.6%
Stimulates the anterior pituitary to secrete FSH and LHGonadotropin Releasing Hormone
40.2%
Signals the pituitary gland to release TSH (thyroid stimulating hormone)Thyrotropin Releasing Hormone
37.2%
Signals the release of growth hormone by the anterior pituitaryGrowth Hormone Releasing Hormone
37.2%
Signals the release of adrenocorticotropic hormone (ACTH) from the pituitaryCorticotropin Releasing Hormone
30.2%

You're not logged in!

Compare scores with friends on all Sporcle quizzes.
Sign Up with Email
OR
Log In

You Might Also Like...

Show Comments

Extras

Top Quizzes Today


Score Distribution

Your Account Isn't Verified!

In order to create a playlist on Sporcle, you need to verify the email address you used during registration. Go to your Sporcle Settings to finish the process.

Report this User

Report this user for behavior that violates our Community Guidelines.

Details: